Challenges and constraints of rice farmer's post -harvest grain management in kampong thom province, បញ្ហាប្រឈម និងឧបសគ្គនៃការគ្រប់គ្រងស្រូវក្រោយពេលប្រមួលផលរបស់កសិករខេត្តកំពង់ធំ (Record no. 4280)

000 -LEADER
fixed length control field 00679nam a22001337a 4500
040 ## - CATALOGING SOURCE
Transcribing agency RUA
082 ## - DEWEY DECIMAL CLASSIFICATION NUMBER
Classification number ATM SEK 2011 B198 Or.1
100 ## - MAIN ENTRY--AUTHOR NAME
Personal name SEK, PISETH
245 ## - TITLE STATEMENT
Title Challenges and constraints of rice farmer's post -harvest grain management in kampong thom province, បញ្ហាប្រឈម និងឧបសគ្គនៃការគ្រប់គ្រងស្រូវក្រោយពេលប្រមួលផលរបស់កសិករខេត្តកំពង់ធំ
260 ## - PUBLICATION, DISTRIBUTION, ETC. (IMPRINT)
Place of publication Phnom Penh
Name of publisher RUA
Year of publication 2011
300 ## - PHYSICAL DESCRIPTION
Number of Pages xi, 53p.
Other physical details ill.
Dimensions 29cm.
856 ## - ELECTRONIC LOCATION AND ACCESS
Uniform Resource Identifier https://drive.google.com/file/d/1NuctXrDuNK6tnpe3esuarp1OupiJfRLs/view?usp=sharing
942 ## - ADDED ENTRY ELEMENTS (KOHA)
Koha item type ATM
952 ## - LOCATION AND ITEM INFORMATION (KOHA)
Withdrawn status [LOCAL, KOHA] 0
952 ## - LOCATION AND ITEM INFORMATION (KOHA)
Withdrawn status [LOCAL, KOHA] 0
952 ## - LOCATION AND ITEM INFORMATION (KOHA)
Withdrawn status [LOCAL, KOHA] 0
952 ## - LOCATION AND ITEM INFORMATION (KOHA)
Withdrawn status [LOCAL, KOHA] 0
952 ## - LOCATION AND ITEM INFORMATION (KOHA)
Withdrawn status [LOCAL, KOHA] 0
952 ## - LOCATION AND ITEM INFORMATION (KOHA)
Withdrawn status [LOCAL, KOHA] 0
952 ## - LOCATION AND ITEM INFORMATION (KOHA)
Withdrawn status [LOCAL, KOHA] 0
952 ## - LOCATION AND ITEM INFORMATION (KOHA)
Withdrawn status [LOCAL, KOHA] 0
952 ## - LOCATION AND ITEM INFORMATION (KOHA)
Withdrawn status [LOCAL, KOHA] 0
952 ## - LOCATION AND ITEM INFORMATION (KOHA)
Withdrawn status [LOCAL, KOHA] 0
Holdings
Koha item type Barcode Lost status Permanent Location Current Location Date acquired Full call number
ATMRUA038069 Library Block BLibrary Block B2015-12-09ATM SEK 2011 B198 Or.1
ATMRUA039073 Library Block BLibrary Block B2015-12-09ATM SEK 2011 B198 Or.2
ATMRUA039248 Library Block BLibrary Block B2015-12-09ATM SEK 2011 B198 Or.3
ATMRUA038224 Library Block BLibrary Block B2015-12-09ATM SEK 2011 B198 Or4
ATMRUA039122 Library Block BLibrary Block B2015-12-09ATM SEK 2011 B198 Or.5
ATMRUA039278 Library Block BLibrary Block B2015-12-09ATM SEK 2011 B198 Or6
ATMRUA043118 Library Block BLibrary Block B2015-12-09ATM SEK 2011 B198 Or.7
ATMRUA042404 Library Block BLibrary Block B2015-12-09ATM SEK 2011 B198 Or.8
ATMRUA41322 Library Block BLibrary Block B2015-12-09ATM SEK 2011 B198 Or9
ATMRUA042824 Library Block BLibrary Block B2015-12-09ATM SEK 2011 B198 Or.10
មជ្ឈមណ្ឌលឯការនៃសាកលវិទ្យាល័យភូមិន្ទកសិកម្មចំការដូង

Powered by Koha